000 00938nam a2200253 i 4500
003 IT-RoINE
005 20201203061238.0
008 040709s1879 sp |||||r|||||||| ||spa|d
040 _cIT-RoINE
_dIT-RoINE
041 1 _aspa
_hita
100 1 _aFrassinetti, Giuseppe,
_938216
_d1804-1868
240 1 0 _aConforto dell'anima divota.
_lEspañol
245 1 3 _aEl aliento del alma devota /
_bobrita dirigida á facilitar la perfección cristiana y animar á las almas tímidas /
_cpor el sacerdote Juan Frassinetti, prior de Santa Sabina en Génova.
250 _a4ª ed.
260 _aMadrid :
_bLibrería católica internacional,
_c1879.
300 _a191 p. ;
_c16 cm.
336 _2rdacontent
_atext
337 _2rdamedia
_aunmediated
338 _2rdacarrier
_avolume
500 _aTraducción de: Il conforto dell'anima divota.
650 4 _94218
_aLiteratura de devoción
650 4 _921154
_aPerfección cristiana
942 _cMTS
999 _c35579
_d35579